| 000 | 00869nam a2200253Ia 4500 | ||
|---|---|---|---|
| 003 | OSt | ||
| 005 | 20220923222430.0 | ||
| 006 | a|||||r|||| 00| 0 | ||
| 007 | ta | ||
| 008 | 220922b |||||||| |||| 00| 0 hin d | ||
| 024 | _a204,908 | ||
| 037 | _cTextual | ||
| 040 |
_aARTS _cARTS _bhin |
||
| 041 |
_2hin _ahin |
||
| 082 | _aO44,3xN, 152M4..2 | ||
| 100 |
_aमाचवे, प्रभाकर, संपा. _9156370 |
||
| 245 | 0 | _aभारतीय उपन्यास | |
| 246 | _aBhāratīya upanyāsa | ||
| 260 |
_aकलकत्ता _b भारतीय भाषा परिषद् _c1984 |
||
| 300 |
_a615पृ. ]802पृ. _ccm. |
||
| 650 |
_aहिन्दी साहित्य _9156264 |
||
| 942 |
_hO44,3xN, 152M4..2 _cTEXL _2CC |
||
| 999 |
_c355656 _d355656 |
||